01748cam a22003734i 4500003000900000005001700009008004100026035001900067040003300086082001900119100003200138245006000170264006800230300002700298336002100325337002500346338002300371490002700394505077200421526001001193526001001203526001001213526001001223526000801233526000801241526000801249526000801257526000801265526000801273526000801281650003401289650003101323650002001354PE-LiUPU20250731172804.0150617s r 000 0 d a(Sirsi) a13182 aPE-LiUPUbspacPE-LiUPUerda04a248.4bA592211 aAntoncich, Ricardo,eautor.10aVida religiosa y derechos humanos /cRicardo Antoncich. 1aBogota :bConfederación Latinoamericana de Religiosos,c1978. a125 páginas ;c21 cm atext2rdacontent aunmediated2rdamedia avolume2rdacarrier0 aColección CLAR ;v390 aLa vida religiosa testimonio de los derechos de Dios y la lucha por los derechos del hombre -- La iglesia en América Latina y los derechos humanos: Actuación de la iglesia ante la violación de los derechos humanos. La iglesia solidaria en la lucha de todos. Una iglesia que evangeliza al defender los derechos del hombre -- Fundamentación religiosa de los derechos humanos -- Fundamentación cristiana de los derechos del hombre: Dos perspectivas de la encarnación. El proyecto de Dio: libertad del hombre. Los conflictos del anuncio de la libertad. Dimensiones dialécticas del amor y la libertad. Dios perdona a los hombres delincuentes. La condena de Jesús -- Vida religiosa y derechos humanos: La experiencia del amor humano. La experiencia de Dios. aSEG42 aSEG41 aSEG40 aSEG39 aP94 aP87 aP86 aP85 aP77 aP76 aP3504aIglesia y problemas sociales.04aReligión y sociología.04aVida religiosa.